00423nam a2200157Ia 450000500170000000800410001702000150005805000250007310000260009824500610012426000300018530000290021544000060024452100070025052600080025720140426101709.0140130s9999 xx 000 0 und d a0439065054 aPZ 7 b.D2857Sa 1999 aDraanen, Wendelin Van cWendelin Van Draanen.aSammy Reyes and the hotel thief / bScholastic,c1999.aUSA : a163 p. :bill. ;c24 cm. v1 aG7 c890